L'Ètica protestant i l'esperit del capitalisme / Max Weber ; traducció, edició i pròleg a cura de Joan Estruch
Descripción Física:
280 p. ; 19 cm
Colección:
Clàssics del pensament modern ; 11
Otros Autores:
Estruch, Joan, 1943-
Materias:
Filosofia alemanya
MARC
| LEADER | 00000nam a2200000Ia 4500 | ||
|---|---|---|---|
| 001 | 1232 | ||
| 008 | 160829s1983 xx 000 0 cat d | ||
| 080 | |a F-1-13 | ||
| 100 | |a Weber, Max |9 27648 | ||
| 245 | |a L'Ètica protestant i l'esperit del capitalisme / Max Weber ; traducció, edició i pròleg a cura de Joan Estruch | ||
| 260 | |a Barcelona : |b Edicions 62 : |b Diputació de Barcelona, |c 1983 | ||
| 300 | |a 280 p. ; |c 19 cm | ||
| 490 | |a Clàssics del pensament modern ; 11 | ||
| 650 | |a Filosofia alemanya |9 27649 | ||
| 700 | 1 | |a Estruch, Joan, |d 1943- |e traductor, editor literari |9 27647 | |
| 710 | 1 | |a Barcelona (Catalunya : Província). |b Diputació |9 52408 | |
| 901 | |a Arxiu | ||
| 942 | |n 1 |2 udc | ||
| 952 | |0 0 |1 0 |4 0 |6 F113 |7 1 |9 44498 |a Arxiu |b Arxiu |d 2016-12-01 |l 0 |o F-1-13 |p 1232 |r 2016-12-01 00:00:00 |w 2016-12-01 |y ARXIU | ||
| 999 | |c 47079 |d 47079 | ||